| 000 | 00394nam a2200169Ia 4500 | ||
|---|---|---|---|
| 001 | 1086 | ||
| 003 | IN-NITTTR | ||
| 005 | 20251114232907.0 | ||
| 008 | 251113s9999||||xx |||||||||||||| ||eng|| | ||
| 040 | _beng | ||
| 040 | _cIN-NITTTR | ||
| 041 | _aeng | ||
| 082 | _a621.9 C148W | ||
| 100 | _aCamm, F. J. | ||
| 245 | 0 |
_aWorkshop calculation, cables and formulae / _cCamm, F. J. |
|
| 942 |
_2ddc _cBK |
||
| 999 |
_c1086 _d1086 |
||